• 首页
  • 本馆介绍
  • 公告通知
  • 最新文献
  • 馆藏检索
  • 电子资源
  • 读者导购
  • 参考咨询
  • 我的图书馆
  • 登录
  • 详细信息显示
  • 放入我的书架
  • 预约/预借图书
  • 作者相关作品
  • 分类相关作品
  • 丛书相关作品
  • 出版社相关作品

书目信息

  • 表格格式
  • 工作单格式
  • 卡片格式
题名:
终止合法化贿赂
    
 
作者: 海弗泰尔 著
分册:  
出版信息: 北京   外文出版社  2002.01
页数: 201页
开本: 20cm
丛书名:
单 册:
中图分类: D771.234
科图分类:
主题词: 政治
电子资源:
ISBN: 7-119-02962-2
000 00569nam0 2200193 450
001 0854605814
005 20080617151244.45
010    @a7-119-02962-2@dCNY10.00
100    @a20080617d2002 km y0chiy0120 ea
101 0  @achi
102    @aCN@b110000
200 1  @a终止合法化贿赂@Azhong zhi he fa hua hui lu@f(美)海弗泰尔著@F(mei)hai fu tai er zhu
210    @a北京@c外文出版社@d2002.01
215    @a201页@d20cm
606 0  @a政治
690    @aD771.234@v4
701  0 @a海弗泰尔@Ahai fu tai er@4著
801  0 @aCN@b山东省滨州职业学院图书馆@c20080617
905    @aBZT@dD771.234@e1
    
    终止合法化贿赂/(美)海弗泰尔著.-北京:外文出版社,2002.01
    201页;20cm
    
    
    ISBN 7-119-02962-2:CNY10.00
    
●
相关链接 在五车中查询图书 在当当中查询图书 在豆瓣中查询图书


正题名:终止合法化贿赂     索取号:D771.234/1         预约/预借

序号 登录号 条形码 馆藏地/架位号 状态 备注
1 680987   2000680987   中心书库南/012架A面7层2列/ [索取号:D771.234/1] 在馆    
2 680988   2000680988   中心书库南/012架A面7层2列/ [索取号:D771.234/1] 在馆    
3 680989   2000680989   中心书库南/012架A面7层2列/ [索取号:D771.234/1] 在馆    
4 680990   2000680990   中心书库南/012架A面7层2列/ [索取号:D771.234/1] 在馆    
5 680991   2000680991   中心书库南/012架A面7层2列/ [索取号:D771.234/1] 在馆    
6 680992   2000680992   中心书库南/012架A面7层2列/ [索取号:D771.234/1] 在馆    
7 680993   2000680993   中心书库南/012架A面7层2列/ [索取号:D771.234/1] 在馆    
8 680994   2000680994   中心书库南/012架A面7层2列/ [索取号:D771.234/1] 在馆    
9 680995   2000680995   中心书库南/012架A面7层2列/ [索取号:D771.234/1] 在馆    
10 680996   2000680996   中心书库南/012架A面7层2列/ [索取号:D771.234/1] 在馆    
山东省滨州职业学院图书馆 欢迎您!
大连网信软件有限公司© 版权所有